| 000 | 01418cam a22003857a 4500 | ||
|---|---|---|---|
| 003 | CHAP | ||
| 005 | 20250912083914.0 | ||
| 008 | 971013s1990 r 00010 d | ||
| 010 | _a9955 | ||
| 011 | _a10927 | ||
| 035 | _a10165 | ||
| 040 | _cCHAP | ||
| 090 | _aTesis | ||
| 100 | 0 | 0 |
_aCopado Beltán, José de Jesús. _927866 |
| 245 | 1 | 3 | _aEl estiércol de bovinos como portador de semilla viable de maleza y el efecto de ésta en maíz forrajero (Zea mays L.) en Tizayuca, Hgo. |
| 260 |
_aChapingo, Méx. : _bEl autor, _c1990 |
||
| 300 | _a61 h | ||
| 502 | _aTesis (Ing. Agr. Esp. en Parasitología Agrícola) -- UACH. Departamento de Parasitología Agrícola | ||
| 590 |
_aALEPH _b10 _c20130110 _lUCH01 _h1226 |
||
| 590 |
_aBATCH-UPD _b10 _c20130110 _lUCH01 _h1320 |
||
| 590 |
_aBATCH-UPD _b10 _c20130410 _lUCH01 _h0830 |
||
| 590 |
_aBATCH-UPD _b10 _c20130914 _lUCH01 _h1111 |
||
| 590 |
_aCONVERSION _b10 _c20130109 _lUCH01 _h1306 |
||
| 650 | 1 | 4 |
_aEstiércol de vaca. _938326 |
| 650 | 1 | 4 |
_aMaíz como forraje. _971109 |
| 650 | 1 | 4 |
_aMaíz _xMalas hierbas _xControl. _971003 |
| 650 | 1 | 4 |
_aMaíz _xRendimiento. _971051 |
| 650 | 1 | 4 |
_aMaíz _zHidalgo. _971093 |
| 650 | 1 | 7 |
_aMalas hierbas _xSemillas _2 _970037 |
| 710 | 0 |
_aUACH. Departamento de Parasitología Agrícola. _9115877 |
|
| 901 | _aBK | ||
| 942 | _cFOLL | ||
| 949 |
_bBC _cTES _d-21565 _eTS1 _h26630 _i10165 _si |
||
| 949 |
_bBC _cTES _d-21566 _eTS2 _fc.2 _h26631 _i10165 _si |
||
| 999 |
_c9955 _d9955 |
||